APPROCHES AND QUALITY PRACTICES IN MANAGEMENT SCIENCES (Record no. 32158)

MARC details
000 -LEADER
fixed length control field 00312nam a22001337a 4500
003 - CONTROL NUMBER IDENTIFIER
control field SGT
020 ## - INTERNATIONAL STANDARD BOOK NUMBER
International Standard Book Number 9789392787454
082 ## - DEWEY DECIMAL CLASSIFICATION NUMBER
Classification number 658.4,SHA
100 ## - MAIN ENTRY--PERSONAL NAME
Personal name SHANKAR, TARA
245 ## - TITLE STATEMENT
Title APPROCHES AND QUALITY PRACTICES IN MANAGEMENT SCIENCES
260 ## - PUBLICATION, DISTRIBUTION, ETC. (IMPRINT)
Place of publication, distribution, etc NEW DELHI
Name of publisher, distributor, etc SSB
Year of Publication 2022
300 ## - PAGE DESCRIPTION
No. of Pages 150
942 ## - ADDED ENTRY ELEMENTS (KOHA)
Source of classification or shelving scheme Dewey Decimal Classification
Koha item type Books
Holdings
Withdrawn status Lost status Source of classification or shelving scheme Damaged status Use restrictions Not for loan Collection code Home library Current library Shelving location Date acquired Vendor Name Cost, normal purchase price SGTU Full call number Accession No. (Barcode) Date last seen Bill Date Koha item type
    Dewey Decimal Classification   Restricted Access Not For Loan ENGINEERING SGT Engineering Library SGT Engineering Library Reference Book 29/07/2025 SGTU FACULTY PUBLICATIONS 395.00 SGTU 658.4,SHA FE9320 29/07/2025 29/07/2025 Gifted Books